Detour : a Hollywood story /

Bibliographic Details
Main Author: Crane, Cheryl
Other Authors: Jahr, Cliff
Format: Book
Language:English
Published: New York, N.Y. : Arbor House/William Morrow, [1988]
Subjects:

MARC

Tag First Indicator Second Indicator Subfields
LEADER 00000cam a22000008a 4500
001 in00000019681
005 20151007053707.0
008 870709s1988 nyuaf 00010ceng
010 |a  87020914  
020 |a 0877959382 :  |c $18.95 
035 |a (OCoLC)16467540 
035 |9 AAB2502AM 
040 |a DLC  |c DLC  |d TXA  |d UtOrBLW 
043 |a n-us--- 
049 |a TXAM  |c [A12611424] 
050 0 0 |a PN2287.T8  |b C73 1988 
082 0 |a 791.43/028/0924  |a B  |2 19 
100 1 |a Crane, Cheryl. 
245 1 0 |a Detour :  |b a Hollywood story /  |c by Cheryl Crane with Cliff Jahr. 
263 |a 8801 
264 1 |a New York, N.Y. :  |b Arbor House/William Morrow,  |c [1988] 
264 4 |c ©1988 
300 |a xi, 334 pages 10 unnumbered pages of plates :  |b illustrations 
336 |a text  |b txt  |2 rdacontent 
337 |a unmediated  |b n  |2 rdamedia 
338 |a volume  |b nc  |2 rdacarrier 
500 |a "A Belvedere book." 
600 1 0 |a Turner, Lana,  |d 1921-1995  |x Family. 
600 1 0 |a Crane, Cheryl. 
650 0 |a Motion picture actors and actresses  |z United States  |v Biography. 
700 1 |a Jahr, Cliff. 
999 |a MARS 
999 f f |s 68ecb414-2e6a-368e-b6bb-c7fc2e8ad106  |i 79d79d31-93ff-3605-b892-d72292489250  |t 0 
952 f f |p ric  |a Texas A&M University  |b Rellis Campus  |c Joint Library Facility  |d Remote Storage  |t 0  |e PN2287.T8 C73 1988  |h Library of Congress classification  |i unmediated -- volume  |m A14812611424 
998 f f |a PN2287.T8 C73 1988  |t 0  |l Remote Storage